Метод свертки при трансформировании аэрокосмических изображений; Исследование Земли из космоса; № 4

Bibliografske podrobnosti
Parent link:Исследование Земли из космоса: научный журнал/ Российская академия наук (РАН).— , 1980-.— 0205-9614
№ 4.— 2003.— С. 49-54
Glavni avtor: Журкин И. Г.
Drugi avtorji: Тимофеев Ю. С., Дао Хань Хоай
Jezik:ruščina
Izdano: 2003
Serija:Методы и средства обработки и интерпретации космической информации
Teme:
Format: Book Chapter
KOHA link:https://koha.lib.tpu.ru/cgi-bin/koha/opac-detail.pl?biblionumber=390115

MARC

LEADER 00000naa2a2200000 4500
001 390115
005 20231101063934.0
035 |a (RuTPU)RU\TPU\prd\22850 
090 |a 390115 
100 |a 20040217a2003 k y0rusy50 ca 
101 0 |a rus 
102 |a RU 
200 1 |a Метод свертки при трансформировании аэрокосмических изображений  |f И. Г. Журкин, Ю. С. Тимофеев, Дао Хань Хоай 
225 1 |a Методы и средства обработки и интерпретации космической информации 
320 |a Библиогр.: 4 назв. 
461 1 |0 (RuTPU)RU\TPU\prd\1522  |x 0205-9614  |t Исследование Земли из космоса  |o научный журнал  |f Российская академия наук (РАН)  |d 1980- 
463 1 |0 (RuTPU)RU\TPU\prd\18041  |t № 4  |v С. 49-54  |d 2003 
610 1 |a аэрокосмические изображения 
610 1 |a метод свертки 
610 1 |a трансформирование 
610 1 |a результаты исследований 
675 |a 528.854  |v 3 
700 1 |a Журкин  |b И. Г. 
701 1 |a Тимофеев  |b Ю. С. 
701 1 |a Дао Хань Хоай 
801 1 |a RU  |b 63413507  |c 20040217  |g PSBO 
801 2 |a RU  |b 63413507  |c 20130401  |g RCR 
942 |c BK